000 00428nam a2200181Ia 4500
005 20250603144546.0
008 250603s9999 xx 000 0 und d
020 _a9788122416138
050 _aTJ 265 .N34/
100 _aNagaraj, P. B.
245 0 _aBasic thermodynamics
260 _aNew Delhi
260 _bNew Age International (P) Limited
260 _c2005
300 _a330 p
650 _aNew Delhi
942 _cBK
999 _c39278
_d39278